000 00284nam a2200121Ia 4500
005 20251222144749.0
008 251222s9999||||xx |||||||||||||| ||spa||
082 _a272.08/R93
100 _aRuiz Bueno, Daniel
245 0 _aOrígenes contra Celso
264 _bCatólica
942 _cLIB
999 _c19260
_d19260